000
00326 a2200145 4500
082
_a
297
090
_c
5970
_d
5970
100
_a
Al-Attas
245
_a
Islam and Secularism.
_c
Al-Attas.
250
_a
1st
260
_a
Lahore
_b
Suhail Academy.
_c
1998.
300
_a
197p.
500
_a
Hardcover
942
_a
NBS
_c
BK
_k
297 ATT
999
_c
348360
_d
348360